Welcome to CU Library Online Public Access Catalogue (OPAC)

Leaders and the leadership process; (Record no. 2992)

MARC details
000 -LEADER
fixed length control field 00511nam a22001817a 4500
005 - DATE AND TIME OF LATEST TRANSACTION
control field 20250124115102.0
008 - FIXED-LENGTH DATA ELEMENTS--GENERAL INFORMATION
fixed length control field 250124b |||||||| |||| 00| 0 eng d
020 ## - INTERNATIONAL STANDARD BOOK NUMBER
International Standard Book Number 9780071263764
050 ## - LIBRARY OF CONGRESS CALL NUMBER
Classification number HM1261
Item number LEA
100 ## - MAIN ENTRY--PERSONAL NAME
Personal name Pierce, Jhon, L.
245 ## - TITLE STATEMENT
Title Leaders and the leadership process;
Remainder of title readings, self-assessments and application
250 ## - EDITION STATEMENT
Edition statement 5th
260 ## - PUBLICATION, DISTRIBUTION, ETC.
Place of publication, distribution, etc. Boston
Name of publisher, distributor, etc. McGraw-Hill
Date of publication, distribution, etc. c2008
300 ## - PHYSICAL DESCRIPTION
Extent xlvi,530p;
Other physical details ill.;
500 ## - GENERAL NOTE
General note includes index
700 ## - ADDED ENTRY--PERSONAL NAME
Personal name Newstrom, Jhon W.
942 ## - ADDED ENTRY ELEMENTS (KOHA)
Source of classification or shelving scheme Library of Congress Classification
Koha item type Books
Suppress in OPAC No
999 ## -
-- 2992
-- 2992
Holdings
Withdrawn status Lost status Source of classification or shelving scheme Damaged status Not for loan Collection Home library Current library Shelving location Date acquired Total checkouts Full call number Barcode Date last seen Copy number Price effective from Koha item type
    Library of Congress Classification     Non-fiction Graduate Library (Christ Temple) Graduate Library (Christ Temple) General stacks 01/27/2025   HM 1261 LEA GSCT00000376 01/27/2025 1 01/27/2025 Books
    Library of Congress Classification     Non-fiction Graduate Library (Christ Temple) Graduate Library (Christ Temple) General stacks 01/27/2025   HM 1261 LEA GSCT00000377 01/27/2025 2 01/27/2025 Books
    Library of Congress Classification     Non-fiction Graduate Library (Christ Temple) Graduate Library (Christ Temple) General stacks 01/27/2025   HM 1261 LEA GSCT00000378 01/27/2025 3 01/27/2025 Books
    Library of Congress Classification     Non-fiction Graduate Library (Christ Temple) Graduate Library (Christ Temple) General stacks 01/27/2025   HM 1261 LEA GSCT00000379 01/27/2025 4 01/27/2025 Books
    Library of Congress Classification     Non-fiction Undergraduate Library (Christ Temple) Undergraduate Library (Christ Temple) General stacks 01/24/2025   HM1261 LEA ulct00000912 01/24/2025 1 01/24/2025 Books
© 2023-2024 Copyright: Central University Libraries. All Rights Reserved | Created by: Mahone Tech Office